[Event "Titled Tue 3rd Jun Early"]
[Site "chess.com INT"]
[Date "2025.06.03"]
[Round "7"]
[White "Karttunen, Mika"]
[Black "Mizzi, Jack"]
[Result "0-1"]
[WhiteTitle "IM"]
[BlackTitle "CM"]
[WhiteElo "2490"]
[BlackElo "2086"]
[WhiteFideId "502081"]
[BlackFideId "5602521"]
[EventDate "2025.06.03"]

1. e4 e5 2. Nf3 Nc6 3. Bb5 a6 4. Ba4 d6 5. c3 f5 6. d4 fxe4 7. Ng5 b5 8. d5 bxa4
9. Qxa4 Nf6 10. dxc6 d5 11. h4 h6 12. Nh3 Bc5 13. Nd2 Bxh3 14. Rxh3 O-O 15. Nb3
Bb6 16. Be3 Bxe3 17. fxe3 Ng4 18. Nc5 Qf6 19. O-O-O Qf2 20. Qb3 Qxg2 21. Qxd5+
Kh8 22. Rdh1 Rf1+ 23. Rxf1 Qxf1+ 24. Kc2 Qxh3 25. Qxe4 Nxe3+ 26. Kb3 Rb8+ 27.
Ka3 Qg3 28. Nd7 Re8 29. h5 Qf4 30. Qg6 Nc4+ 31. Kb3 Nd2+ 32. Ka3 Ra8 33. Qe6
Nc4+ 34. Kb3 Na5+ 35. Ka3 Nc4+ 36. Kb3 Nd2+ 37. Ka3 a5 38. b3 Nb1+ 39. Kb2 Nxc3
40. Kxc3 Qd4+ 41. Kc2 a4 42. b4 a3 43. Nxe5 Qb2+ 44. Kd3 Rd8+ 45. Nd7 Qxb4 46.
Ke3 Qc3+ 47. Ke4 Qe1+ 48. Kd5 Qd2+ 49. Kc5 Qc3+ 50. Kb5 Qb2+ 51. Kc5 Ra8 0-1

[Event "Titled Tue 3rd Jun Early"]
[Site "chess.com INT"]
[Date "2025.06.03"]
[Round "7"]
[White "Firouzja, Alireza"]
[Black "Galperin, Platon"]
[Result "0-1"]
[WhiteTitle "GM"]
[BlackTitle "GM"]
[WhiteElo "2757"]
[BlackElo "2494"]
[WhiteFideId "12573981"]
[BlackFideId "14165414"]
[EventDate "2025.06.03"]

1. Nf3 Nf6 2. g3 g6 3. b3 Bg7 4. Bb2 b5 5. Na3 b4 6. Nc4 a5 7. Bg2 Bb7 8. a3 d6
9. axb4 axb4 10. Rxa8 Bxa8 11. Qa1 Nbd7 12. O-O O-O 13. Qa7 c5 14. Ra1 Bd5 15.
Ne1 Bxc4 16. bxc4 Nb6 17. d3 Nfd7 18. Bxg7 Kxg7 19. Nf3 e6 20. Nd2 Qf6 21. Bc6
Ne5 22. Ne4 Nxc6 23. Qa6 Qe5 24. Rb1 Rb8 25. e3 d5 26. f4 Qc7 27. Qa1+ e5 28.
Nxc5 Ra8 29. Qb2 dxc4 30. fxe5 c3 31. Qc1 Qxe5 32. Nb3 Re8 33. Kf2 Qf5+ 34. Kg2
Qg5 35. Kf2 Nd5 36. e4 Qxc1 37. Rxc1 Nf6 38. Ra1 Ng4+ 39. Kf3 Nxh2+ 40. Kf4 Re6
41. d4 Rf6+ 42. Ke3 Rf3+ 43. Ke2 Rxg3 44. Ra6 Rg2+ 45. Ke3 Ne7 46. d5 Ng8 47. e5
Rg5 48. Ke4 Ng4 49. e6 fxe6 50. Ra7+ Kh6 51. d6 N8f6+ 52. Kf4 Rf5+ 53. Kg3 Rd5 0-1

[Event "Titled Tue 3rd Jun Early"]
[Site "chess.com INT"]
[Date "2025.06.03"]
[Round "7"]
[White "Thorhallsson, Simon"]
[Black "Sadubayev, Airat"]
[Result "1-0"]
[WhiteTitle "FM"]
[BlackTitle "FM"]
[WhiteElo "2218"]
[BlackElo "2211"]
[WhiteFideId "2310090"]
[BlackFideId "13713264"]
[EventDate "2025.06.03"]

1. g3 d5 2. Bg2 Nf6 3. d3 c5 4. c4 d4 5. b4 cxb4 6. a3 bxa3 7. Nf3 Nc6 8. Bxa3
e5 9. Bxf8 Kxf8 10. O-O g6 11. Nbd2 Kg7 12. Qa4 Re8 13. Rfb1 Qc7 14. Ng5 Bd7 15.
Nge4 Nxe4 16. Nxe4 b6 17. c5 Na5 18. cxb6 axb6 19. Qb4 Rab8 20. Rc1 Qd8 21. Rab1
Be6 22. Qb5 f6 23. h4 h5 24. Qb4 Bg8 25. Nd6 Re7 26. Nb5 Rd7 27. Rc2 Rc8 28.
Rbc1 Rxc2 29. Rxc2 Nb7 30. Bxb7 Rxb7 31. Nd6 Rb8 32. f4 Be6 33. fxe5 fxe5 34.
Rc1 Bd5 35. Rf1 Qd7 36. Ne4 Bxe4 37. dxe4 Qe6 38. Rf3 Re8 39. Rb3 Rb8 40. Rf3 b5
41. Qc5 Re8 42. Qxb5 Rf8 43. Qd3 Rxf3 44. Qxf3 Qd7 45. Kg2 Qe7 46. Qd3 Qf7 47.
Qf3 Qe6 48. Qa3 Qc6 49. Qe7+ Kg8 50. Qxe5 Qc4 51. Qd5+ Qxd5 52. exd5 Kf7 53. Kf3 1-0

[Event "Titled Tue 3rd Jun Early"]
[Site "chess.com INT"]
[Date "2025.06.03"]
[Round "7"]
[White "Bozorov, Javohir"]
[Black "Khoo-Thwe, Louis"]
[Result "1-0"]
[WhiteTitle "FM"]
[BlackTitle "CM"]
[WhiteElo "2093"]
[BlackElo "2214"]
[WhiteFideId "14216957"]
[BlackFideId "1538756"]
[EventDate "2025.06.03"]

1. d4 d5 2. Nf3 Nf6 3. Bf4 c5 4. e3 Qb6 5. dxc5 Qxc5 6. Nbd2 Nc6 7. c3 Bg4 8.
Be2 Qb6 9. Qc2 e6 10. h3 Bf5 11. Qb3 Bc5 12. Nd4 Bg6 13. Bg5 e5 14. Bxf6 gxf6
15. N4f3 O-O-O 16. Qxb6 Bxb6 17. Nb3 a5 18. Bb5 Na7 19. Be2 a4 20. Nbd2 Rhe8 21.
Nh4 d4 22. e4 dxc3 23. bxc3 Bxf2+ 24. Kxf2 Rxd2 25. Ke3 Rc2 26. Bg4+ Kb8 27.
Rhc1 Rxc1 28. Rxc1 Rd8 29. Rf1 Nb5 30. c4 Na3 31. Rc1 Rd4 32. Nxg6 fxg6 33. Be2
Kc7 34. Rc3 Nb1 35. Rc1 Na3 36. Bd3 b6 37. Rc3 f5 38. Rxa3 fxe4 39. Bxe4 Rxc4
40. Rd3 Rc2 41. Rd2 Rc3+ 42. Ke2 b5 43. Bd5 b4 44. Bg8 b3 45. axb3 axb3 46. Rb2
Kd6 47. Bxh7 g5 48. Kd2 Rg3 49. Be4 Kc5 50. Bf3 Kd4 51. Rxb3 Kc4 52. Re3 Kd4 53.
Re4+ Kc5 54. Rxe5+ Kd6 55. Re4 1-0

[Event "Titled Tue 3rd Jun Early"]
[Site "chess.com INT"]
[Date "2025.06.03"]
[Round "7"]
[White "Gabrielian, Artur"]
[Black "Olhovik, Andrei"]
[Result "1-0"]
[WhiteTitle "GM"]
[BlackTitle "FM"]
[WhiteElo "2419"]
[BlackElo "2282"]
[WhiteFideId "4131002"]
[BlackFideId "13507397"]
[EventDate "2025.06.03"]

1. Nf3 d5 2. g3 c5 3. Bg2 Nc6 4. d4 Nf6 5. O-O e6 6. c4 Be7 7. cxd5 exd5 8. dxc5
Bxc5 9. a3 a5 10. Nc3 O-O 11. Bg5 d4 12. Ne4 Be7 13. Bxf6 Bxf6 14. Nxf6+ Qxf6
15. Rc1 Be6 16. Qd2 Rfd8 17. Rc5 h6 18. Rfc1 a4 19. Rb5 Rd7 20. Ne1 Bg4 21. Nd3
Re8 22. Nf4 d3 23. exd3 Nd4 24. Rd5 Rxd5 25. Nxd5 Qe5 26. Rf1 Bf3 27. Ne3 b5 28.
h3 Rd8 29. Re1 Nb3 30. Qc2 Bxg2 31. Nxg2 Qd5 32. Nf4 Qa8 33. Ne2 Qf3 34. Qc3
Rxd3 35. Qc8+ Kh7 36. Nf4 Rd1 37. Qf5+ Kg8 38. Rxd1 Qxd1+ 39. Kh2 Qd2 40. Qc8+
Kh7 41. Qf5+ Kg8 42. Kg2 Qxb2 43. Qc8+ Kh7 44. Qf5+ Kg8 45. Qc8+ Kh7 46. Nd5 Qe5
47. Qd7 Qe4+ 48. Kg1 Qe6 49. Qb7 Nc5 50. Qa8 1-0

[Event "Titled Tue 3rd Jun Early"]
[Site "chess.com INT"]
[Date "2025.06.03"]
[Round "7"]
[White "Shandrygin, Nikita"]
[Black "Rubes, Jan"]
[Result "0-1"]
[WhiteTitle "FM"]
[BlackTitle "IM"]
[WhiteElo "2209"]
[BlackElo "2426"]
[WhiteFideId "24198668"]
[BlackFideId "338176"]
[EventDate "2025.06.03"]

1. Nf3 Nf6 2. g3 d5 3. d4 e6 4. Bg2 Be7 5. O-O O-O 6. b3 c5 7. Bb2 Nc6 8. Nbd2
b5 9. e3 Bb7 10. Ne5 cxd4 11. exd4 Qb6 12. Nxc6 Bxc6 13. c3 a5 14. Qe2 Rfc8 15.
Rac1 b4 16. c4 dxc4 17. bxc4 Bxg2 18. Kxg2 Qc6+ 19. f3 Qa4 20. Ra1 Re8 21. Ne4
Rad8 22. Rfd1 Qc6 23. Rac1 a4 24. Rd3 Nxe4 25. fxe4 Bg5 26. Rc2 Qb7 27. h4 Bf6
28. Qf3 Rd7 29. c5 Rc8 30. d5 Bxb2 31. c6 Qb5 32. Rf2 Ra7 33. dxe6 Bf6 34. Rd7
Rxd7 35. exd7 Rf8 36. e5 Qxe5 37. Rc2 b3 38. axb3 axb3 39. Qxb3 Qe4+ 40. Kh2 Be5
41. c7 Qxh4+ 42. Kg2 Qe4+ 43. Kh2 Bxc7 44. Rxc7 Qe2+ 45. Kh3 Qf1+ 46. Kh2 Qf2+
47. Kh3 Qf1+ 48. Kh2 Qe2+ 49. Kh3 h5 50. Qc4 Qd1 51. Kh2 Qd6 0-1

[Event "Titled Tue 3rd Jun Early"]
[Site "chess.com INT"]
[Date "2025.06.03"]
[Round "7"]
[White "Kim, Sergey"]
[Black "Smieszek, Wojciech"]
[Result "1-0"]
[WhiteTitle "FM"]
[BlackTitle "CM"]
[WhiteElo "2295"]
[BlackElo "2141"]
[WhiteFideId "13700570"]
[BlackFideId "1156047"]
[EventDate "2025.06.03"]

1. d4 Nf6 2. c4 c5 3. d5 e6 4. Nc3 exd5 5. cxd5 d6 6. e4 g6 7. Nge2 Bg7 8. Ng3
O-O 9. Be2 Re8 10. O-O a6 11. a4 Nbd7 12. Bf4 Qe7 13. Qd2 Ne5 14. h3 Rb8 15. Bh6
Bh8 16. f4 Ned7 17. e5 dxe5 18. d6 Qd8 19. f5 c4 20. Bxc4 b5 21. axb5 axb5 22.
Bb3 b4 23. Nd5 Bb7 24. Nc7 Nc5 25. Qg5 Nxb3 26. Nxe8 Nxe8 27. fxg6 hxg6 28. Rad1
Qxg5 29. Bxg5 f6 30. d7 fxg5 31. d8=Q Rxd8 32. Rxd8 Bc6 33. Rc8 Nd4 34. Ne4 Kh7
35. Nxg5+ Kh6 36. Nf7+ Kg7 37. Nxh8 Kxh8 38. Rxe8+ Bxe8 39. Rf8+ Kg7 40. Rxe8
Kf6 41. Rb8 b3 42. Kf2 Kf5 43. Ke3 g5 44. Rf8+ Ke6 45. g4 Kd5 46. Rg8 Kc4 47.
Rxg5 Nc2+ 48. Kd2 e4 49. Re5 Kd4 50. Re8 Nb4 51. Rd8+ Ke5 52. Ke2 Kf4 53. Rf8+
Kg3 54. g5 Nd3 55. g6 Nxb2 56. g7 Nd3 57. g8=Q+ Kh2 58. Qxb3 Nc1+ 59. Ke3 Nxb3
60. h4 Nc5 61. h5 Ne6 62. Rg8 Nc7 63. h6 Nd5+ 64. Kf2 e3+ 65. Kf3 Nf6 66. h7
Nxh7 67. Rh8 Kg1 68. Rxh7 e2 69. Kxe2 1-0

[Event "Titled Tue 3rd Jun Early"]
[Site "chess.com INT"]
[Date "2025.06.03"]
[Round "7"]
[White "Kislinsky, Alexey"]
[Black "Ilinca, Felix-Antonio"]
[Result "1-0"]
[WhiteTitle "GM"]
[BlackTitle "IM"]
[WhiteElo "2350"]
[BlackElo "2420"]
[WhiteFideId "14108801"]
[BlackFideId "54764998"]
[EventDate "2025.06.03"]

1. d4 Nf6 2. c4 c5 3. Nf3 cxd4 4. Nxd4 Nc6 5. g3 g6 6. Bg2 Bg7 7. Nc3 O-O 8. O-O
Qa5 9. Nb3 Qh5 10. c5 d6 11. cxd6 exd6 12. e4 Bg4 13. f3 Be6 14. Be3 Bc4 15. Rf2
Rfd8 16. Rd2 d5 17. exd5 Nxd5 18. Nxd5 Bxd5 19. f4 Bxg2 20. Kxg2 Qf5 21. Qf3
Rxd2+ 22. Nxd2 Nd4 23. Bxd4 Bxd4 24. Qe4 Qxe4+ 25. Nxe4 Rc8 26. Rd1 Rc2+ 27. Kh3
Bxb2 28. Rd8+ Kg7 29. Rd7 Kf8 30. Nd6 f5 31. Rf7+ Kg8 32. Rxb7 Bd4 33. Ne8 Kf8
34. Nc7 Bg1 35. Ne6+ Kg8 36. Kh4 h6 37. h3 Rxa2 38. Rg7+ Kh8 39. Rxg6 a5 40. Kh5
Re2 41. Kxh6 Bc5 42. Ng5 Bf8+ 43. Kh5 Re7 44. Rf6 Bg7 45. Rxf5 Ra7 46. Rb5 a4
47. Rb8+ Bf8 48. Rxf8+ Kg7 49. Rc8 a3 50. Rc1 a2 51. Ra1 Kf6 52. Kg4 Ra4 53. Nf3
Kg6 54. Ne5+ Kf6 55. Nd3 Ke6 56. Nc1 1-0

[Event "Titled Tue 3rd Jun Early"]
[Site "chess.com INT"]
[Date "2025.06.03"]
[Round "7"]
[White "Mayorau, Mikita1"]
[Black "Grodotzki, Kenneth"]
[Result "1/2-1/2"]
[WhiteTitle "GM"]
[BlackTitle "CM"]
[WhiteElo "2472"]
[BlackElo "1984"]
[WhiteFideId "13501720"]
[BlackFideId "4648560"]
[EventDate "2025.06.03"]

1. e4 d6 2. d4 Nf6 3. Nc3 g6 4. Be3 Bg7 5. Be2 c6 6. Nf3 O-O 7. O-O b5 8. a3
Nbd7 9. e5 Ng4 10. exd6 Nxe3 11. fxe3 exd6 12. e4 Qb6 13. Kh1 Bb7 14. Qd2 a6 15.
Rad1 Rad8 16. Nb1 Rfe8 17. Bd3 Nf6 18. Rde1 c5 19. c3 Nxe4 20. Bxe4 Bxe4 21. Ng5
Bd5 22. dxc5 dxc5 23. Qf4 f5 24. Nd2 Qc6 25. Ndf3 h6 26. Nh3 Bxf3 27. gxf3 Rxe1
28. Rxe1 Qd6 29. Qe3 b4 30. axb4 cxb4 31. cxb4 Qxb4 32. Nf4 Qd6 33. Re2 Bd4 34.
Qb3+ Kg7 35. Ne6+ Kf6 36. Nxd8 Qxd8 37. Qe6+ Kg5 38. Qe7+ Qxe7 39. Rxe7 Bxb2 40.
Re6 a5 41. Ra6 Bc3 42. Kg2 Kh5 43. Kg3 Bb4 44. f4 g5 45. fxg5 hxg5 46. Kg2 g4
47. h3 gxh3+ 48. Kxh3 Kg5 49. Kg3 Be1+ 50. Kf3 Bd2 51. Ra8 Bb4 52. Rb8 f4 53.
Rg8+ Kf5 54. Ra8 Ke5 55. Re8+ Kd5 56. Ra8 Bd2 57. Ra6 Kc4 58. Rxa5 Bxa5 59. Kxf4 1/2-1/2

[Event "Titled Tue 3rd Jun Early"]
[Site "chess.com INT"]
[Date "2025.06.03"]
[Round "7"]
[White "Yushko, Olga"]
[Black "Piddubna, Bozhena"]
[Result "0-1"]
[WhiteTitle "WFM"]
[BlackTitle "WFM"]
[WhiteElo "2036"]
[BlackElo "2174"]
[WhiteFideId "14114500"]
[BlackFideId "34109293"]
[EventDate "2025.06.03"]

1. d4 Nf6 2. c4 e6 3. Nc3 Bb4 4. f3 Nc6 5. e4 e5 6. d5 Nd4 7. Be3 c5 8. a3 Ba5
9. Bd3 d6 10. Ne2 O-O 11. O-O Kh8 12. f4 Ng4 13. Bd2 f5 14. h3 Nh6 15. fxe5 dxe5
16. Bxh6 gxh6 17. exf5 Nxf5 18. Qd2 Bd7 19. Bxf5 Bxf5 20. Qxh6 Bd3 21. Qe3 e4
22. Nxe4 Bxc4 23. Rxf8+ Qxf8 24. Rf1 Qg7 25. d6 Rg8 26. Qf2 Bd5 27. Nf6 Qxg2+
28. Qxg2 Rxg2+ 29. Kh1 Rxe2+ 30. Nxd5 Rd2 31. Nc7 Rxd6 32. Nb5 Rb6 33. Nxa7 Rxb2
34. Rf5 Rb3 35. Rxc5 Bb6 36. Rc8+ Kg7 37. Nc6 bxc6 38. Rxc6 Rxh3+ 39. Kg2 Rb3
40. a4 Bd8 41. Ra6 Ra3 42. Ra7+ Kg6 43. Ra8 Bf6 44. a5 h5 45. a6 Kf5 46. a7 h4
47. Kh1 Ra1+ 48. Kg2 Ra2+ 49. Kh3 Ra3+ 50. Kg2 h3+ 51. Kh1 Ra1+ 52. Kh2 Ra3 0-1

[Event "Titled Tue 3rd Jun Early"]
[Site "chess.com INT"]
[Date "2025.06.03"]
[Round "7"]
[White "Dogan, Umut Anil"]
[Black "Torres Rebolledo, Alvaro"]
[Result "0-1"]
[WhiteTitle "CM"]
[BlackTitle "FM"]
[WhiteElo "2123"]
[BlackElo "2336"]
[WhiteFideId "51618060"]
[BlackFideId "54587670"]
[EventDate "2025.06.03"]

1. d4 Nf6 2. Nf3 g6 3. Nc3 Bg7 4. e4 d6 5. Bc4 Nbd7 6. Qe2 e5 7. dxe5 dxe5 8.
O-O O-O 9. Rd1 Qe7 10. a4 a5 11. b3 c6 12. Ba3 Nc5 13. Qe3 b6 14. Bxc5 bxc5 15.
h3 Nh5 16. Rd2 Nf4 17. Rad1 Ne6 18. Bxe6 Bxe6 19. Rd6 c4 20. bxc4 Bxc4 21. Rxc6
Rac8 22. Qb6 Rxc6 23. Qxc6 Qb4 24. Nd5 Bxd5 25. exd5 e4 26. Nd2 Bh6 27. Nf1 Rd8
28. d6 Bf4 29. Qc7 Rxd6 30. Rxd6 Bxd6 31. Qd8+ Kg7 32. c3 Qc5 33. Qe8 Be5 34. c4
Bd4 35. Qxe4 Bxf2+ 36. Kh1 Bd4 37. Nd2 Bf6 38. Qf3 Qb4 39. Ne4 Qb1+ 40. Kh2 Be5+
41. g3 Qc2+ 42. Nf2 Qxc4 43. Qe4 Bd4 44. Nd3 Qxa4 45. h4 Qc2+ 46. Kh3 Bf6 47. g4
h6 48. Qf3 a4 49. Nf2 Qb2 50. Ne4 a3 51. g5 hxg5 52. hxg5 Be5 53. Nf2 a2 54. Ng4
a1=Q 55. Qc6 Qaa3+ 56. Kh4 Qbc3 57. Nf2 Qg3# 0-1

[Event "Titled Tue 3rd Jun Early"]
[Site "chess.com INT"]
[Date "2025.06.03"]
[Round "7"]
[White "Gattani, Sarthak"]
[Black "Yanev, Tihomir"]
[Result "1-0"]
[BlackTitle "IM"]
[WhiteElo "1869"]
[BlackElo "2354"]
[WhiteFideId "30995965"]
[BlackFideId "2910110"]
[EventDate "2025.06.03"]

1. d4 Nf6 2. c4 g6 3. Nc3 d5 4. Nf3 Bg7 5. Qb3 dxc4 6. Qxc4 O-O 7. e4 a6 8. a3
b5 9. Qd3 Bb7 10. Be2 Nbd7 11. b4 Nb6 12. Qc2 Nfd7 13. Be3 e5 14. d5 h6 15. O-O
f5 16. Bc5 Rf7 17. Bd3 f4 18. Nd2 Bc8 19. f3 Bf8 20. Bf2 g5 21. a4 bxa4 22. Nxa4
Nxa4 23. Rxa4 Rb8 24. d6 Bxd6 25. Bc4 Nb6 26. Bxf7+ Kxf7 27. Bxb6 Rxb6 28. Nc4
Rb5 29. Rd1 Be6 30. Nxd6+ cxd6 31. Rxa6 Rb6 32. Ra7+ Kf6 33. Qc7 Qxc7 34. Rxc7
h5 35. h3 g4 36. hxg4 hxg4 37. fxg4 Bxg4 38. Rb1 f3 39. Kf2 fxg2 40. Kxg2 Be6
41. Kf2 d5 42. exd5 Bxd5 43. Ke3 Ke6 44. Rh7 Rb8 45. Rh6+ Kf5 46. Rf1+ Kg5 47.
Rhf6 Rxb4 48. R6f5+ Kg4 49. Rxe5 Bg2 50. Rg1 Rb2 51. Re8 Kg3 52. Rg8+ Kh2 53.
Rc1 Rb3+ 54. Kd4 Rb4+ 55. Kc5 Rb2 56. Kc4 Ra2 57. Rg7 Rb2 58. Kc3 Ra2 59. Rc2
Rxc2+ 60. Kxc2 Kh3 61. Kd3 Bf3 62. Ke3 Bd1 63. Kf4 1-0

[Event "Titled Tue 3rd Jun Early"]
[Site "chess.com INT"]
[Date "2025.06.03"]
[Round "7"]
[White "Jahnz, Laurin"]
[Black "Bashirli, Saadat"]
[Result "0-1"]
[WhiteTitle "CM"]
[BlackTitle "WCM"]
[WhiteElo "2233"]
[BlackElo "1941"]
[WhiteFideId "16261089"]
[BlackFideId "13429990"]
[EventDate "2025.06.03"]

1. b3 d5 2. Bb2 Nf6 3. Nf3 Bf5 4. e3 Nbd7 5. c4 e6 6. Nc3 c6 7. Be2 h6 8. O-O
Bd6 9. Re1 O-O 10. a3 Re8 11. d4 Rc8 12. c5 Bb8 13. b4 e5 14. b5 exd4 15. exd4
Ne4 16. bxc6 bxc6 17. Ba6 Rc7 18. Nxe4 Bxe4 19. Nd2 Nf6 20. Nxe4 Nxe4 21. f3 Nf6
22. Rxe8+ Qxe8 23. Qd2 Re7 24. Bc3 Bc7 25. Re1 Rxe1+ 26. Qxe1 Qd7 27. g3 Qf5 28.
Kg2 Qc2+ 29. Qd2 Qa4 30. Bb7 Qb5 31. Qb2 Qa4 32. Ba8 Kh7 33. Kh3 Qd1 34. Kg2 g5
35. Qd2 Qa4 36. Qd3+ Kg7 37. Bb7 Qb3 38. Ba6 Qxa3 39. Bd2 Qa2 40. Kh3 Qa1 41.
Bb7 Qa4 42. Bc3 a5 43. Qd2 Qb5 44. Bc8 a4 45. Bf5 a3 46. Ba1 Qb3 47. Bd3 a2 48.
Qc2 Qa3 49. Be2 Ba5 50. Bd1 Be1 51. Qb3 Qc1 52. Qxa2 Qxd1 53. Bb2 Qxf3 54. Bc1
g4+ 55. Kh4 Qf5 56. Bxh6+ Kxh6 0-1

[Event "Titled Tue 3rd Jun Early"]
[Site "chess.com INT"]
[Date "2025.06.03"]
[Round "7"]
[White "Kourkoulos-Arditis, Stamatis"]
[Black "Horobetz, Graham"]
[Result "1-0"]
[WhiteTitle "GM"]
[WhiteElo "2580"]
[BlackElo "2250"]
[WhiteFideId "4221990"]
[BlackFideId "2047322"]
[EventDate "2025.06.03"]

1. b3 e5 2. Bb2 Nc6 3. c4 g6 4. Nf3 Bg7 5. e3 Nge7 6. d4 exd4 7. Nxd4 O-O 8. Be2
d6 9. Nxc6 Nxc6 10. Bxg7 Kxg7 11. Nc3 Be6 12. O-O Qf6 13. Nd5 Bxd5 14. cxd5 Ne7
15. Rc1 c5 16. dxc6 bxc6 17. Qd2 a5 18. Rc4 a4 19. bxa4 Rfb8 20. Rfc1 Rb2 21.
R4c2 Rxc2 22. Qxc2 Qe5 23. h3 h5 24. Qb3 Qa5 25. Qb7 Ra7 26. Qb2+ Kg8 27. Qd4
Qxa4 28. Qxd6 Qxa2 29. Bc4 Qa3 30. Qd8+ Kg7 31. Qd4+ Kh7 32. Rb1 Nf5 33. Qf6 Qe7
34. Qxc6 Rc7 35. Qd5 Rc5 36. Qxf7+ Qxf7 37. Bxf7 Nd6 38. Be6 Rc2 39. Bd5 Rd2 40.
e4 Kh6 41. Rb6 Ne8 42. Kf1 Nc7 43. Bf7 Kg7 44. Bxg6 Rd4 45. Bf5 Ne8 46. g4 hxg4
47. hxg4 Nf6 48. f3 Rd2 49. g5 Nh5 50. Rb7+ Kf8 51. Ke1 Rg2 52. g6 Nf4 53. Rf7+
Kg8 54. Kd1 Nd3 55. Rd7 Nf4 56. Ke1 Nh5 57. Kf1 Nf4 58. Be6+ Kf8 59. Rf7+ Ke8
60. Rxf4 Rg4 61. Bxg4 1-0

[Event "Titled Tue 3rd Jun Early"]
[Site "chess.com INT"]
[Date "2025.06.03"]
[Round "7"]
[White "Haussernot, Cecile"]
[Black "Klekowski, Maciej"]
[Result "1/2-1/2"]
[WhiteTitle "WIM"]
[BlackTitle "GM"]
[WhiteElo "2108"]
[BlackElo "2474"]
[WhiteFideId "601632"]
[BlackFideId "1132717"]
[EventDate "2025.06.03"]

1. e4 c5 2. Nf3 Nc6 3. Nc3 e6 4. d4 cxd4 5. Nxd4 a6 6. Be2 Rb8 7. Qd3 Nxd4 8.
Qxd4 b5 9. Bf4 d6 10. O-O-O Rb6 11. Kb1 Qc7 12. e5 d5 13. Nxd5 exd5 14. e6 Qc5
15. exf7+ Kxf7 16. Bh5+ Rg6 17. Qe5 Nf6 18. Bxg6+ hxg6 19. Rhe1 Rh5 20. Qb8 d4
21. Bc7 Bf5 22. Re2 Rg5 23. f3 Bd7 24. Be5 Qc6 25. Rxd4 Bc5 26. Bxf6 gxf6 27.
Rh4 Rh5 28. Rxh5 gxh5 29. Qh8 Bf5 30. Qxh5+ Bg6 31. Qh8 Qd7 32. Kc1 Qc7 33. Qh4
Be3+ 34. Kb1 Qd7 35. Qe1 Bc5 36. h4 f5 37. Re5 Bd4 38. Re2 Bf6 39. Rd2 Qc7 40.
g4 f4 41. h5 Bh7 42. Qd1 Ke8 43. Re2+ Kf8 44. Qd5 Bg8 45. Qa8+ Kg7 46. h6+ Kh7
47. Qe4+ Kxh6 48. g5+ Bxg5 49. Qf5 Qd8 50. Re1 Qf6 51. Qd7 Bf7 52. Rh1+ Kg7 53.
Rg1 Kg6 54. Qd3+ Qf5 55. Qd8 Qe5 56. Qd3+ Qf5 57. Qd8 Qf6 58. Qd3+ Kg7 59. Qd7
Kh6 60. Qh3+ Kg6 61. Qd7 Qf5 62. Qd8 1/2-1/2

[Event "Titled Tue 3rd Jun Early"]
[Site "chess.com INT"]
[Date "2025.06.03"]
[Round "7"]
[White "Tulendinov, Dinmukhammed"]
[Black "Waldhausen Gordon, Frederick"]
[Result "1-0"]
[WhiteTitle "FM"]
[BlackTitle "FM"]
[WhiteElo "2124"]
[BlackElo "2397"]
[WhiteFideId "13730860"]
[BlackFideId "2409143"]
[EventDate "2025.06.03"]

1. e4 e5 2. Nf3 Nc6 3. Bb5 a6 4. Ba4 Nf6 5. O-O Be7 6. Bxc6 dxc6 7. d3 Nd7 8.
Nbd2 O-O 9. Nc4 f6 10. Nh4 Nc5 11. Nf5 Ne6 12. Qg4 Kh8 13. Nxe7 Qxe7 14. Qd1 c5
15. Ne3 b6 16. Bd2 a5 17. a4 Bb7 18. b3 Rad8 19. Nf5 Qf7 20. Qg4 Nd4 21. Nxd4
cxd4 22. f4 Bc8 23. Qg3 Qe6 24. Rf2 Kg8 25. Raf1 Rde8 26. h3 c6 27. Bc1 c5 28.
Kh2 Qe7 29. Qh4 exf4 30. Bxf4 Qe6 31. Qg3 Rf7 32. Kg1 Kh8 33. Bd2 Qe5 34. Bf4
Qe6 35. Qh2 h6 36. Bd2 Qe5 37. Bf4 Qe6 38. g4 Kg8 39. Qg3 g5 40. Bd2 Kf8 41. Rf3
Ke7 42. Qc7+ Kf8 43. Qh2 Bb7 44. Rf5 Kg7 45. Qe2 Ref8 46. Be1 Bc8 47. R5f3 Qe7
48. c4 Be6 49. Bg3 Qd7 50. R1f2 h5 51. gxh5 Bxh3 52. e5 Bg4 53. exf6+ Rxf6 54.
Rxf6 Bxe2 55. Rxf8 Bxh5 56. Be5+ Kh7 57. Rh8+ Kg6 58. Rf6+ Kg7 59. Rd6+ Kf7 60.
Rxd7+ Ke6 61. Rxh5 1-0

[Event "Titled Tue 3rd Jun Early"]
[Site "chess.com INT"]
[Date "2025.06.03"]
[Round "7"]
[White "Ristic, Nebojsa M"]
[Black "Dambaev, Dashi"]
[Result "0-1"]
[WhiteTitle "IM"]
[BlackTitle "CM"]
[WhiteElo "2248"]
[BlackElo "2211"]
[WhiteFideId "900850"]
[BlackFideId "55628494"]
[EventDate "2025.06.03"]

1. d4 Nf6 2. Bf4 d5 3. e3 c5 4. Nf3 Nc6 5. Nbd2 cxd4 6. exd4 Bf5 7. Be2 e6 8.
O-O Be7 9. Nb3 O-O 10. Re1 Ne4 11. c3 g5 12. Be3 Bg6 13. Ne5 Nxe5 14. dxe5 Qc7
15. Kh1 Qxe5 16. f3 Bd6 17. f4 gxf4 18. Bd4 Qg5 19. Bf3 Qh4 20. Kg1 e5 21. Bxe4
dxe4 22. Bf2 Qe7 23. Qg4 f5 24. Qh3 e3 25. Bh4 Qe6 26. Rad1 Be7 27. Bxe7 Qxe7
28. Qf3 Rad8 29. h3 Qg5 30. Qxb7 e4 31. Nd4 f3 32. Nxf3 exf3 33. Qxf3 Bh5 34.
Qxe3 Qxe3+ 35. Rxe3 Rxd1+ 36. Kh2 Rf7 37. b4 f4 38. Re5 Bg6 39. h4 h5 40. Rg5
Kh7 41. c4 f3 42. gxf3 Rxf3 43. Rg2 Rfd3 44. c5 R1d2 45. c6 Rxg2+ 46. Kxg2 Rc3
47. b5 Rc5 48. a4 Bc2 49. c7 Rxc7 50. a5 Rb7 51. b6 axb6 52. a6 Ra7 53. Kf3 Rxa6
54. Kf4 Bg6 55. Kg5 Ra5+ 56. Kf6 b5 57. Ke7 b4 58. Kf8 b3 59. Ke7 b2 60. Kf6
b1=Q 61. Ke7 Qe4+ 62. Kf8 Ra8# 0-1

[Event "Titled Tue 3rd Jun Early"]
[Site "chess.com INT"]
[Date "2025.06.03"]
[Round "7"]
[White "Guliev, Gasan"]
[Black "El Zein, Zayne-Eddine"]
[Result "1-0"]
[WhiteTitle "CM"]
[BlackTitle "CM"]
[WhiteElo "2123"]
[BlackElo "2146"]
[WhiteFideId "34165638"]
[BlackFideId "5313210"]
[EventDate "2025.06.03"]

1. d4 d6 2. Bg5 Nf6 3. Nc3 h6 4. Bxf6 exf6 5. e4 Be7 6. Nf3 O-O 7. Bd3 c6 8. O-O
d5 9. h3 dxe4 10. Nxe4 f5 11. Ng3 g6 12. c3 Bf6 13. Re1 Be6 14. Rxe6 fxe6 15.
Qb3 Nd7 16. Qxe6+ Kg7 17. h4 Qe8 18. Qb3 b6 19. Re1 Qd8 20. h5 f4 21. Ne4 g5 22.
Nd6 Qc7 23. Qe6 Kh8 24. Qf5 Nc5 25. dxc5 bxc5 26. Qg6 Qg7 27. Qxg7+ Bxg7 28. Nc4
Rad8 29. Bg6 g4 30. Nh4 g3 31. fxg3 fxg3 32. Be4 Rf4 33. Ng6+ Kg8 34. Nxf4 Rf8
35. Rf1 Re8 36. Bxc6 Rd8 37. Bd5+ Kh7 38. Be4+ Kg8 39. Ne6 Rd7 40. Nxg7 Kxg7 41.
Bf3 Re7 42. Rd1 Kf6 43. Nd6 Kg5 44. Ne4+ Kf4 45. Nxc5 Rc7 46. Ne6+ Ke5 47. Nxc7
Kf5 48. Rd5+ Kf4 49. Ne6+ Ke3 50. Re5+ Kd2 51. Nf4 Kc1 52. Re2 Kb1 53. a4 Ka2
54. b4+ Kb3 55. c4 Kxa4 56. c5 Kxb4 57. c6 a5 58. c7 a4 59. c8=Q Kb3 60. Qb7+
Ka3 61. Re3+ Ka2 62. Bd5+ 1-0